Marketingová Coca-Cola

Bibliographic Details
Main Authors: Bódis, Anton (Author), Pekník, Radovan (Author)
Format: Article
Language:Slovak
ISSN:1335-0889
Subjects:

MARC

LEADER 00000nab a2200000 a 4500
001 vtls000655810
003 SK-MaSNL
005 20260302182752.0
008 180207e1998 xo 0 slo
015 |a SNBRA1998/02-08493 
035 |a CLN000008002 
040 |a SNKBUCL  |b slo  |c SNKBUCL  |e AACR2 
041 0 |a slo 
044 |a xo  |c SK 
080 |a 658.8  |2 UDC-MRF-SK2 
100 1 |a Bódis, Anton  |4 aut  |9 665520 
245 1 0 |a Marketingová Coca-Cola  |c Anton Bódis, Radovan Pekník 
610 7 |a Coca-Cola Slovakia  |x marketing  |2 snkbucl  |9 895315 
610 7 |a Coca-Cola Amatil Slovakia  |x marketing  |2 snkbucl  |9 895316 
655 7 |a články z novín a časopisov  |2 snkbucl  |9 267496 
700 1 |a Pekník, Radovan  |4 aut  |9 340168 
773 0 |x 1335-0889  |t Stratégie v reklame, marketingu a médiách  |g Č. 1 (1998), s. 10-11 
850 |a Slovenská národná knižnica v Martine 
852 |a SNK  |b KIS3GCP 
958 |a RBX 
999 |c 1419321  |d 1421251